000 00919nmc a2200325 a 4500
003 AR-BaBNM
005 20251128203940.0
008 145019s1984 ||||||||||||||000 | spa||
020 _a84-7046-340-3
040 _cAR-BaBNM
100 1 _aBaldisserri, Milena M.
245 1 0 _aEl preescolar
_bescuela de la infancia
260 _aMadrid
_bCincel
_c1984
300 0 _a172 p.
490 0 _aTemas de educación preescolar
_vv. 9
504 _aContiene bibliografía
600 1 4 _aOwen, R.
600 1 4 _aFröbel, Friedrich
_d1782-1852
650 4 _aEDUCACION DE LA PRIMERA INFANCIA
650 4 _aEDUCACION DEL NINO
650 4 _aPSICOLOGIA DE LA EDUCACION
650 4 _aEDUCACION RELIGIOSA
650 4 _aEDUCACION SEXUAL
653 0 _aINNOVACIONES EDUCATIVAS
653 0 _aEDUCACION INICIAL
653 0 _aJARDINES DE INFANTES
800 1 _aRioja Gomez, José
_eeditor
942 _cBK
998 _cMARTIN
999 _c5578
_d5578